[Event "Olomouc 2008 - GM"]
[Site "?"]
[Date "2008.07.30"]
[Round "1.2"]
[White "Erdogdu, Mert"]
[Black "Kanovsky, David"]
[Result "1-0"]
[WhiteElo "2440"]
[BlackElo "2409"]
[PlyCount "109"]
[EventDate "2008.07.30"]

1. e4 e6 2. d4 d5 3. Nc3 Bb4 4. e5 c5 5. a3 Bxc3+ 6. bxc3 Ne7 7. Qg4 Qc7 8.
Qxg7 Rg8 9. Qxh7 cxd4 10. Ne2 Nbc6 11. f4 Bd7 12. Qd3 dxc3 13. Qxc3 O-O-O 14.
Rb1 d4 15. Qc5 Kb8 16. Bd2 Bc8 17. Ng3 b6 18. Qc4 Bb7 19. Bd3 Nd5 20. O-O Qe7
21. Rf3 f5 22. exf6 Qxf6 23. Be4 Qh4 24. Rb5 Rh8 25. h3 Rhg8 26. Kh2 Nce7 27.
Rbb3 e5 28. Qf1 Rdf8 29. fxe5 Qxg3+ 30. Rxg3 Rxf1 31. Rxg8+ Nxg8 32. Rd3 Nf4
33. Rg3 Nh6 34. Bxb7 Kxb7 35. Rf3 Rxf3 36. gxf3 Nxh3 37. Kxh3 Nf7 38. e6 Nd6
39. Kg4 Kc6 40. Bb4 Ne8 41. Kf5 Kd5 42. e7 a5 43. Be1 Kd6 44. Bf2 Kd5 45. Be1
Kd6 46. Ke4 Kxe7 47. Kxd4 Ke6 48. Bg3 Nf6 49. Kc4 Nd5 50. Kb5 Kd7 51. Be5 Ke6
52. Bd4 Kd6 53. c4 Nf4 54. Bxb6 Ne2 55. Be3 1-0

[Event "Olomouc 2008 - GM"]
[Site "?"]
[Date "2008.07.30"]
[Round "1.3"]
[White "Petr, Martin"]
[Black "Smith, Axel"]
[Result "1-0"]
[WhiteElo "2451"]
[BlackElo "2427"]
[PlyCount "51"]
[EventDate "2008.07.30"]

1. e4 e5 2. f4 exf4 3. Nf3 g5 4. h4 g4 5. Ne5 Nf6 6. Bc4 d5 7. exd5 Bd6 8. d4
Nh5 9. Nc3 Qe7 10. Be2 Ng3 11. Rh2 Bxe5 12. dxe5 Qxe5 13. Qd3 Kd8 14. Qc4 Nh5
15. Bd2 f3 16. gxf3 Qxh2 17. O-O-O g3 18. d6 c6 19. Bg5+ Ke8 20. d7+ Bxd7 21.
Qe4+ Kf8 22. Bc4 Kg7 23. Qe5+ f6 24. Qe7+ Kg6 25. Bf7+ Kf5 26. Qe4# 1-0

[Event "Olomouc 2008 - GM"]
[Site "?"]
[Date "2008.07.31"]
[Round "2.1"]
[White "Stefansson, Hannes"]
[Black "Baryshpolets, Andrey"]
[Result "1/2-1/2"]
[WhiteElo "2566"]
[BlackElo "2413"]
[PlyCount "51"]
[EventDate "2008.07.30"]

1. e4 e5 2. Nf3 Nc6 3. Bb5 a6 4. Ba4 Nf6 5. O-O Be7 6. Re1 b5 7. Bb3 d6 8. c3
O-O 9. h3 h6 10. d4 Re8 11. Nbd2 Bf8 12. Nf1 Bb7 13. Ng3 Na5 14. Bc2 Nc4 15. b3
Nb6 16. Bd3 d5 17. Nxe5 dxe4 18. Bc2 Bd6 19. Ng4 Nbd5 20. Nxf6+ Qxf6 21. Nxe4
Rxe4 22. Bxe4 Nxc3 23. Qd3 Nxe4 24. Rxe4 Bxe4 25. Qxe4 Rd8 26. Be3 1/2-1/2

[Event "Olomouc 2008 - GM"]
[Site "?"]
[Date "2008.07.31"]
[Round "2.5"]
[White "Grandelius, Nils"]
[Black "Erdogdu, Mert"]
[Result "1/2-1/2"]
[WhiteElo "2366"]
[BlackElo "2440"]
[PlyCount "80"]
[EventDate "2008.07.30"]

1. e4 e5 2. Nf3 Nc6 3. Bb5 a6 4. Ba4 Nf6 5. O-O Be7 6. Re1 b5 7. Bb3 d6 8. c3
O-O 9. h3 Na5 10. Bc2 c5 11. d4 Qc7 12. Nbd2 cxd4 13. cxd4 Bd7 14. Nf1 Rac8 15.
Re2 Rfe8 16. Ng3 Nc6 17. Be3 g6 18. Rc1 Qb7 19. Bb3 exd4 20. Nxd4 Na5 21. Rxc8
Bxc8 22. Bc2 Nc4 23. Bc1 Bf8 24. b3 Ne5 25. Bb2 Qb6 26. Kh1 Bh6 27. Nf3 Bb7 28.
Bd4 Qc7 29. Be3 Bxe3 30. Rxe3 Qc5 31. Nd4 d5 32. Nf3 dxe4 33. Bxe4 Nxf3 34.
Bxb7 Rxe3 35. fxe3 Ng5 36. h4 Ne6 37. Qf3 Qe5 38. Bxa6 h5 39. Bxb5 Ng4 40. Bc4
Qa1+ 1/2-1/2

[Event "Olomouc 2008 - GM"]
[Site "?"]
[Date "2008.08.01"]
[Round "3.1"]
[White "Erdogdu, Mert"]
[Black "Stefansson, Hannes"]
[Result "0-1"]
[WhiteElo "2440"]
[BlackElo "2566"]
[PlyCount "102"]
[EventDate "2008.07.30"]

1. e4 e5 2. Nf3 Nc6 3. Bc4 Bc5 4. c3 Nf6 5. d3 a6 6. Bb3 d6 7. O-O Ba7 8. Re1
O-O 9. h3 h6 10. Nbd2 Nh5 11. Nf1 Qf6 12. Be3 Nf4 13. Bxa7 Rxa7 14. Ne3 Ne7 15.
h4 Qg6 16. g3 Kh8 17. Bc2 f5 18. Rf1 Nh3+ 19. Kg2 f4 20. Nc4 Bg4 21. Ncd2 Raa8
22. Qe1 Rf6 23. Rh1 fxg3 24. fxg3 Raf8 25. Rxh3 Bxf3+ 26. Kg1 Qg4 27. Rh2 Ng6
28. Nxf3 Rxf3 29. Rg2 Qh3 30. Rd1 Ne7 31. Rdd2 d5 32. Bd1 R3f6 33. Bb3 d4 34.
Bd1 b5 35. Be2 Nc6 36. a3 Nd8 37. Rh2 Qd7 38. Bd1 dxc3 39. bxc3 Qd6 40. a4 b4
41. cxb4 Qxb4 42. Qe3 Rf1+ 43. Kg2 Qb1 44. Bg4 Nc6 45. Qc5 R8f6 46. Bf5 Rc1 47.
Qa3 g6 48. Bd7 Rg1+ 49. Kh3 Qf1+ 50. Rdg2 Rxg2 51. Rxg2 Rf2 0-1

[Event "Olomouc 2008 - GM"]
[Site "?"]
[Date "2008.08.01"]
[Round "3.2"]
[White "Petr, Martin"]
[Black "Grandelius, Nils"]
[Result "1/2-1/2"]
[WhiteElo "2451"]
[BlackElo "2366"]
[PlyCount "99"]
[EventDate "2008.07.30"]

1. e4 c5 2. Nf3 d6 3. c3 Nf6 4. Be2 Nbd7 5. Qc2 Qc7 6. O-O b6 7. c4 Bb7 8. Nc3
e6 9. d4 cxd4 10. Nxd4 a6 11. f4 Be7 12. Be3 b5 13. cxb5 Nxe4 14. Nxe4 Qxc2 15.
Nxd6+ Bxd6 16. Nxc2 Nf6 17. Bd4 axb5 18. Bxb5+ Ke7 19. Ne3 Rhd8 20. Nc4 Bb4 21.
Bb6 Rd5 22. a4 g5 23. g3 gxf4 24. Rad1 Rg8 25. Rxd5 Nxd5 26. Bf2 h5 27. Rd1 h4
28. Rd3 f5 29. Kf1 hxg3 30. hxg3 Rh8 31. Ne5 Rh1+ 32. Ke2 Bd6 33. Nc6+ Bxc6 34.
Bxc6 fxg3 35. Bxg3 Bxg3 36. Rxg3 Rh2+ 37. Ke1 Rxb2 38. Bxd5 exd5 39. Ra3 Rb6
40. a5 Ra6 41. Ke2 Kd6 42. Ra4 Kc5 43. Kd3 Kb5 44. Rf4 Rxa5 45. Rxf5 Kc5 46.
Rf4 Ra3+ 47. Kd2 d4 48. Rf8 Ra2+ 49. Kd3 Ra3+ 50. Kd2 1/2-1/2

[Event "Olomouc 2008 - GM"]
[Site "?"]
[Date "2008.08.01"]
[Round "3.3"]
[White "Luch, Michal"]
[Black "Kanovsky, David"]
[Result "1/2-1/2"]
[WhiteElo "2412"]
[BlackElo "2409"]
[PlyCount "48"]
[EventDate "2008.07.30"]

1. d4 Nf6 2. Nf3 e6 3. c4 c5 4. d5 d6 5. Nc3 exd5 6. cxd5 g6 7. Nd2 Bg7 8. Nc4
O-O 9. Bf4 Ne8 10. Qd2 b6 11. Nb5 Ba6 12. a4 Qd7 13. e3 Bxb5 14. axb5 Qxb5 15.
Be2 Qb3 16. Ra3 Qb4 17. Qxb4 cxb4 18. Rb3 a5 19. Nxb6 Ra7 20. O-O Rb7 21. Nc4
a4 22. Na5 Rb6 23. Nc4 Rb7 24. Na5 Rb6 1/2-1/2

[Event "Olomouc 2008 - GM"]
[Site "?"]
[Date "2008.08.02"]
[Round "4.1"]
[White "Stefansson, Hannes"]
[Black "Vokac, Marek"]
[Result "1-0"]
[WhiteElo "2566"]
[BlackElo "2451"]
[PlyCount "107"]
[EventDate "2008.07.30"]

1. e4 e5 2. Nf3 Nc6 3. Bb5 a6 4. Ba4 d6 5. c3 Bd7 6. O-O Nge7 7. d4 Ng6 8. Be3
Be7 9. Nbd2 O-O 10. Re1 Nh4 11. Nxh4 Bxh4 12. Nf3 Bf6 13. h3 Qe8 14. Bc2 Qe7
15. Qd2 Rad8 16. d5 Nb8 17. b4 Bc8 18. c4 Nd7 19. Qc3 b6 20. a4 Bb7 21. a5 Rc8
22. Qb2 Rb8 23. axb6 cxb6 24. Ba4 Rfc8 25. Qe2 Nf8 26. Rec1 h6 27. Ra2 Ng6 28.
g3 Qf8 29. Bd7 Rc7 30. Bg4 Bc8 31. Nd2 Bg5 32. Bxg5 hxg5 33. Bxc8 Qxc8 34. Qg4
Qxg4 35. hxg4 Ra8 36. Rca1 Rca7 37. c5 bxc5 38. bxc5 dxc5 39. Nc4 f6 40. Nb6
Rb8 41. Rxa6 Rab7 42. Nc4 Nf8 43. Nd6 Rb2 44. Ra7 R2b6 45. R1a6 Rb1+ 46. Kg2
Kh7 47. Rf7 Re1 48. Nf5 Rbb1 49. Rxg7+ Kh8 50. Rc7 Rg1+ 51. Kf3 Rb3+ 52. Ne3
Re1 53. Ra8 Kg8 54. Rcc8 1-0

[Event "Olomouc 2008 - GM"]
[Site "?"]
[Date "2008.08.02"]
[Round "4.2"]
[White "Smith, Axel"]
[Black "Baryshpolets, Andrey"]
[Result "1/2-1/2"]
[WhiteElo "2427"]
[BlackElo "2413"]
[PlyCount "192"]
[EventDate "2008.07.30"]

1. e4 e5 2. Nf3 Nc6 3. Bb5 Nf6 4. d3 d6 5. O-O Bd7 6. d4 exd4 7. Re1 Be7 8.
Bxc6 Bxc6 9. Nxd4 O-O 10. Nc3 Re8 11. Qf3 Nd7 12. Nd5 Bxd5 13. exd5 Bf6 14. Be3
Ne5 15. Qe2 Qd7 16. h3 c5 17. dxc6 bxc6 18. Rad1 d5 19. b3 Rad8 20. Kf1 h6 21.
Nf3 Nxf3 22. Qxf3 Qc7 23. Bf4 Qa5 24. a4 Qc5 25. Qd3 Qb4 26. Bd2 Qb8 27. g3 Qb7
28. Kg2 Re6 29. Rxe6 fxe6 30. Qg6 Qf7 31. Qxf7+ Kxf7 32. Be3 a6 33. f4 g5 34.
Kf3 gxf4 35. gxf4 Rg8 36. Bf2 Rg7 37. Re1 Bc3 38. Re3 Bd4 39. Rd3 Bf6 40. Re3
Rg8 41. Re1 Bb2 42. Re3 Rb8 43. Re1 Rg8 44. Re3 h5 45. Bg3 Bf6 46. Re1 Rg7 47.
Bf2 Ke7 48. Bg3 Kd7 49. Rd1 Rf7 50. Ke3 Bg7 51. Re1 Rf5 52. Re2 Bc3 53. Bh2 Ke7
54. Rg2 Kf7 55. Rg1 Bb4 56. Rb1 Bc5+ 57. Ke2 Bf8 58. Re1 Bb4 59. Rf1 Rf6 60.
Ke3 Bf8 61. Re1 Bc5+ 62. Kf3 Bd6 63. Ke3 Rg6 64. Kf3 Rg8 65. Re2 Kf6 66. Re3
Kf5 67. Re2 c5 68. Rd2 Rc8 69. Rg2 c4 70. Rg5+ Kf6 71. Rxh5 cxb3 72. cxb3 Rb8
73. Rh6+ Kf5 74. Rh5+ Kg6 75. Kg4 Rxb3 76. Rg5+ Kf7 77. h4 d4 78. Bg1 d3 79.
Be3 Bb4 80. f5 e5 81. Rg6 d2 82. Bxd2 Bxd2 83. Rxa6 Rb4+ 84. Kf3 Rxh4 85. Ke2
Bg5 86. Re6 e4 87. a5 Rh2+ 88. Kf1 e3 89. a6 Ra2 90. Ke1 Ra5 91. Rg6 Rxf5 92.
a7 Bh4+ 93. Ke2 Ra5 94. Rh6 Bf2 95. Rh8 Ra2+ 96. Kf3 Rxa7 1/2-1/2

[Event "Olomouc 2008 - GM"]
[Site "?"]
[Date "2008.08.02"]
[Round "4.4"]
[White "Grandelius, Nils"]
[Black "Luch, Michal"]
[Result "1/2-1/2"]
[WhiteElo "2366"]
[BlackElo "2412"]
[PlyCount "60"]
[EventDate "2008.07.30"]

1. e4 e6 2. d4 d5 3. Nc3 Bb4 4. e5 c5 5. a3 Bxc3+ 6. bxc3 Qa5 7. Bd2 Qa4 8. Qg4
Kf8 9. Qd1 Ne7 10. Nf3 b6 11. dxc5 bxc5 12. Bd3 Ba6 13. O-O Nd7 14. Be3 Nc6 15.
Rb1 h6 16. Bxa6 Qxa6 17. Qd3 Qxd3 18. cxd3 Ke7 19. Rb7 Kd8 20. Rfb1 Kc8 21. c4
d4 22. Bf4 Rf8 23. R7b5 Kc7 24. Rb7+ Kd8 25. R7b5 Ke7 26. h4 Rfb8 27. Kf1 Rb6
28. Ke2 Rab8 29. Kd2 Rxb5 30. Rxb5 a6 1/2-1/2

[Event "Olomouc 2008 - GM"]
[Site "?"]
[Date "2008.08.02"]
[Round "4.5"]
[White "Erdogdu, Mert"]
[Black "Petr, Martin"]
[Result "1/2-1/2"]
[WhiteElo "2440"]
[BlackElo "2451"]
[PlyCount "136"]
[EventDate "2008.07.30"]

1. e4 e6 2. d4 d5 3. Nc3 Nf6 4. Bg5 dxe4 5. Nxe4 Nbd7 6. Nf3 h6 7. Nxf6+ Nxf6
8. Be3 Bd6 9. Bd3 b6 10. Qe2 Bb7 11. O-O-O Qe7 12. Ne5 O-O 13. f4 c5 14. Rhf1
cxd4 15. Bxd4 Bc5 16. Bc3 Nd5 17. Bd2 Nb4 18. Bxb4 Bxb4 19. Bh7+ Kxh7 20. Rd7
Qc5 21. Rxb7 Kg8 22. Rd1 Rac8 23. Rxa7 b5 24. Ra6 Rfd8 25. Nd3 Qc4 26. Kb1 Be7
27. g3 b4 28. Ra5 Rd4 29. Qg2 Kh7 30. Ra7 Qc5 31. Ra8 Rc7 32. Rd2 Qd6 33. Qf3
Bf6 34. h4 Rdc4 35. h5 Qd4 36. Qd1 Rd7 37. Qf3 Qg1+ 38. Rd1 Qh2 39. Rc1 Qd2 40.
Ne5 Bxe5 41. fxe5 Qd5 42. Qxd5 Rxd5 43. Rf8 Rxe5 44. Rxf7 Rxh5 45. Rf3 e5 46.
a3 e4 47. Re3 bxa3 48. Rxa3 Rh2 49. Re3 Kg6 50. c3 Rg2 51. b3 Rc7 52. Rc2 Rxc2
53. Kxc2 Kf5 54. c4 h5 55. Kc3 g5 56. b4 h4 57. gxh4 gxh4 58. b5 Rh7 59. Re1
Ke5 60. Kb4 h3 61. c5 h2 62. Rh1 e3 63. Kc4 e2 64. b6 Rh4+ 65. Kb5 Rh3 66. Kc4
Rh4+ 67. Kb5 Rh3 68. Kc4 Rh4+ 1/2-1/2

[Event "Olomouc 2008 - GM"]
[Site "?"]
[Date "2008.08.03"]
[Round "5.3"]
[White "Danielsen, Henrik"]
[Black "Grandelius, Nils"]
[Result "1/2-1/2"]
[WhiteElo "2526"]
[BlackElo "2366"]
[PlyCount "71"]
[EventDate "2008.07.30"]

1. Nf3 Nf6 2. c4 g6 3. g3 c6 4. d4 d5 5. cxd5 cxd5 6. Bg2 Bg7 7. Nc3 O-O 8. Ne5
e6 9. O-O Nfd7 10. f4 Nc6 11. Be3 f6 12. Nxc6 bxc6 13. Rc1 Rb8 14. Na4 Nb6 15.
Nxb6 Qxb6 16. Rc2 Bd7 17. Qd2 Qa6 18. b3 Rfc8 19. Bf2 f5 20. Bf3 Qa3 21. g4 a5
22. gxf5 exf5 23. Rfc1 a4 24. bxa4 Qxa4 25. Kh1 Bf8 26. Rg1 Bd6 27. e3 Qa3 28.
Be2 Rb7 29. Bd3 Rcb8 30. Bh4 Rb2 31. Rg2 R2b7 32. Rg1 Rb2 33. Rg2 Rb1+ 34. Rg1
R1b2 35. Rg2 Rb1+ 36. Rg1 1/2-1/2

[Event "Olomouc 2008 - GM"]
[Site "?"]
[Date "2008.08.03"]
[Round "5.4"]
[White "Baryshpolets, Andrey"]
[Black "Kanovsky, David"]
[Result "1/2-1/2"]
[WhiteElo "2413"]
[BlackElo "2409"]
[PlyCount "151"]
[EventDate "2008.07.30"]

1. d4 g6 2. c4 Bg7 3. Nf3 c5 4. e4 cxd4 5. Nxd4 Nc6 6. Be3 Nf6 7. Nc3 O-O 8.
Be2 d6 9. O-O Bd7 10. Rc1 Nxd4 11. Bxd4 Bc6 12. f3 a5 13. b3 Nd7 14. Be3 Nc5
15. Qd2 Qb6 16. Rc2 Rfc8 17. Rb1 h5 18. Kh1 Qd8 19. a3 Kh7 20. b4 axb4 21. axb4
Na4 22. Nd5 Qf8 23. Rbc1 e6 24. Nf4 Rd8 25. Ra2 Qh8 26. b5 Be8 27. Bd1 Nc3 28.
Rxa8 Rxa8 29. Bb3 Ra3 30. Qc2 Na2 31. Rb1 Nc3 32. Re1 Bd7 33. Bc1 Ra1 34. Nd3
Bd4 35. Bd2 Rxe1+ 36. Bxe1 d5 37. cxd5 exd5 38. exd5 Nxb5 39. d6 Qe8 40. Bg3
Bf5 41. Bd5 Qe3 42. Bf2 Qxf2 43. Qxf2 Bxf2 44. Nxf2 Nxd6 45. Kg1 Kg7 46. f4 Kf6
47. Kf1 b5 48. Ke2 Be6 49. Bf3 Bc4+ 50. Kd2 Ke6 51. g3 Nf5 52. Ne4 Nd4 53. Bd1
Nf5 54. Bf3 f6 55. Nc5+ Ke7 56. Be4 Kd6 57. Nb7+ Kc7 58. Nc5 Ne7 59. Kc3 Bf7
60. Kb4 Bc4 61. Kc3 Kd6 62. Nb7+ Ke6 63. Nc5+ Kf7 64. Kb4 g5 65. fxg5 fxg5 66.
h3 h4 67. gxh4 gxh4 68. Bg2 Kf6 69. Ne4+ Ke5 70. Nd2 Kf4 71. Nf3 Nd5+ 72. Kc5
Ne3 73. Nxh4 Kg3 74. Bc6 Kxh3 75. Bxb5 Bxb5 76. Kxb5 1/2-1/2

[Event "Olomouc 2008 - GM"]
[Site "?"]
[Date "2008.08.04"]
[Round "6.1"]
[White "Stefansson, Hannes"]
[Black "Smith, Axel"]
[Result "1-0"]
[WhiteElo "2566"]
[BlackElo "2427"]
[PlyCount "93"]
[EventDate "2008.07.30"]

1. e4 e5 2. Nf3 Nc6 3. Bb5 Nf6 4. O-O Nxe4 5. d4 Nd6 6. Bxc6 dxc6 7. dxe5 Nf5
8. Qxd8+ Kxd8 9. Nc3 Bd7 10. h3 h6 11. b3 Kc8 12. Bb2 Ne7 13. Nd4 c5 14. Nde2
Bf5 15. Rac1 h5 16. Ng3 Bg6 17. Nge4 b6 18. Ng5 Kb7 19. Nce4 a5 20. a4 Re8 21.
Rcd1 Kc6 22. c4 h4 23. Rfe1 Nf5 24. Nf3 Be7 25. Nc3 Nd4 26. Nxd4+ cxd4 27. Rxd4
Bc2 28. Rf4 Bxb3 29. Rxf7 Bxc4 30. Rxg7 Rhg8 31. Rh7 Bd8 32. Ne4 Bd5 33. Rc1+
Kb7 34. Nd6+ Ka6 35. Nxe8 Rxe8 36. Rd1 c6 37. Rd7 b5 38. R1xd5 cxd5 39. Rd6+
Kb7 40. axb5 a4 41. Bd4 a3 42. Ra6 Be7 43. f4 Ra8 44. Rxa8 Kxa8 45. f5 a2 46.
Ba1 d4 47. f6 1-0

[Event "Olomouc 2008 - GM"]
[Site "?"]
[Date "2008.08.04"]
[Round "6.4"]
[White "Erdogdu, Mert"]
[Black "Danielsen, Henrik"]
[Result "1/2-1/2"]
[WhiteElo "2440"]
[BlackElo "2526"]
[PlyCount "87"]
[EventDate "2008.07.30"]

1. e4 c6 2. d4 d5 3. e5 Bf5 4. Nd2 e6 5. Nb3 Nd7 6. Nf3 Ne7 7. Be2 Bg6 8. O-O
a6 9. a4 Qc7 10. a5 c5 11. Nxc5 Nxc5 12. dxc5 Nc6 13. Be3 Be7 14. Qd2 O-O 15.
b4 Nxe5 16. Nxe5 Qxe5 17. Bd4 Qc7 18. f4 Rfe8 19. Rae1 Be4 20. Bd3 f5 21. Qc3
Bh4 22. Re3 Qf7 23. Rh3 Bf6 24. Rg3 Kh8 25. Rd1 Red8 26. Rd2 Rac8 27. Bf1 Rg8
28. Be2 Rgf8 29. Rh3 Qc7 30. Qe3 Bxd4 31. Rxd4 e5 32. fxe5 f4 33. Qd2 Qxe5 34.
Bf3 Rce8 35. c4 Bf5 36. Rh5 dxc4 37. Rxc4 Qe3+ 38. Qxe3 fxe3 39. Rc1 Re7 40.
Re1 g6 41. Rh4 Rd8 42. Rc4 Bd3 43. Rc3 Rd4 44. h3 1/2-1/2

[Event "Olomouc 2008 - GM"]
[Site "?"]
[Date "2008.08.04"]
[Round "6.5"]
[White "Petr, Martin"]
[Black "Luch, Michal"]
[Result "0-1"]
[WhiteElo "2451"]
[BlackElo "2412"]
[PlyCount "130"]
[EventDate "2008.07.30"]

1. e4 e6 2. d4 d5 3. Nd2 c5 4. Ngf3 cxd4 5. exd5 Qxd5 6. Bc4 Qd6 7. O-O Nf6 8.
Nb3 Nc6 9. Nbxd4 Nxd4 10. Nxd4 a6 11. Re1 Qc7 12. Qe2 Bd6 13. Bg5 O-O 14. Bxf6
gxf6 15. Bd3 Qc5 16. Rad1 Kh8 17. Bxh7 Kxh7 18. Nb3 Bxh2+ 19. Kxh2 Qg5 20. Qe4+
Kg7 21. Re3 Rh8+ 22. Rh3 e5 23. Rxh8 Bf5 24. Rxa8 Bxe4 25. f3 Qf4+ 26. Kg1 Qe3+
27. Kh2 Bxc2 28. Rdd8 f5 29. Rd5 Qf4+ 30. Kg1 Bxb3 31. axb3 Qc1+ 32. Kh2 Qxb2
33. Rd3 Qc2 34. Rad8 e4 35. fxe4 fxe4 36. Rg3+ Kf6 37. Re8 b5 38. Re3 Kf5 39.
Kg3 Qc6 40. Rg8 a5 41. Kf2 Qc2+ 42. Ke1 Ke5 43. Rh3 f5 44. Re8+ Kf4 45. Kf1 a4
46. bxa4 bxa4 47. Ra8 Qc6 48. Ra5 Qc1+ 49. Ke2 Qc2+ 50. Ke1 Qxg2 51. Ra3 Qg7
52. Ke2 Qg2+ 53. Ke1 e3 54. R3xa4+ Kg3 55. Ra2 Qe4 56. Ke2 Qg2+ 57. Kd3 Qf3 58.
R5a3 f4 59. Kd4 Qc6 60. Rc3 Qd6+ 61. Kc4 f3 62. Rxe3 Qc6+ 63. Kd4 Qb6+ 64. Kd3
Qb3+ 65. Ke4 Qe6+ 0-1

[Event "Olomouc 2008 - GM"]
[Site "?"]
[Date "2008.08.05"]
[Round "7.1"]
[White "Luch, Michal"]
[Black "Stefansson, Hannes"]
[Result "1/2-1/2"]
[WhiteElo "2412"]
[BlackElo "2566"]
[PlyCount "31"]
[EventDate "2008.07.30"]

1. d4 Nf6 2. c4 e6 3. Nc3 Bb4 4. Qc2 d5 5. a3 Bxc3+ 6. Qxc3 dxc4 7. Qxc4 b6 8.
Bg5 Ba6 9. Bxf6 Qxf6 10. Qa4+ c6 11. Nf3 O-O 12. e3 Bxf1 13. Kxf1 c5 14. Ke2
Rd8 15. Rhd1 Nd7 16. Qc2 1/2-1/2

[Event "Olomouc 2008 - GM"]
[Site "?"]
[Date "2008.08.05"]
[Round "7.2"]
[White "Danielsen, Henrik"]
[Black "Petr, Martin"]
[Result "1/2-1/2"]
[WhiteElo "2526"]
[BlackElo "2451"]
[PlyCount "137"]
[EventDate "2008.07.30"]

1. g3 e5 2. c4 Nf6 3. Bg2 g6 4. Nc3 Bg7 5. e4 Nc6 6. Nge2 O-O 7. O-O d6 8. f4
Nd4 9. h3 Be6 10. d3 Nd7 11. Nxd4 exd4 12. Ne2 Nb8 13. f5 Bd7 14. Nf4 Be5 15.
Qf3 Nc6 16. Nd5 f6 17. Bh6 Rf7 18. fxg6 hxg6 19. Bg5 Kg7 20. h4 Be6 21. Bd2 Qd7
22. Nf4 Bg4 23. Qf2 Rh8 24. Nd5 Ne7 25. Bf4 Ng8 26. Qd2 c6 27. Nb4 Bh3 28. Nc2
Bxg2 29. Qxg2 Qg4 30. Rf3 g5 31. hxg5 fxg5 32. Bxe5+ dxe5 33. Rxf7+ Kxf7 34.
Rf1+ Nf6 35. Qf3 Qxf3 36. Rxf3 Kg6 37. Ne1 Ng4 38. Ng2 Rh3 39. b4 Nf6 40. a4 b6
41. b5 c5 42. Ne1 g4 43. Rxf6+ Kxf6 44. Kg2 Kg6 45. Nc2 Rh8 46. Ne1 Rf8 47. Kg1
Kg7 48. Kg2 Kg6 49. Kg1 a6 50. Ng2 Rh8 51. Nh4+ Rxh4 52. gxh4 axb5 53. a5 bxc4
54. axb6 c3 55. b7 c2 56. b8=Q c1=Q+ 57. Kg2 Qd2+ 58. Kh1 Qe1+ 59. Kg2 Qe2+ 60.
Kg1 Qe3+ 61. Kg2 Qf3+ 62. Kg1 Qg3+ 63. Kh1 Qxh4+ 64. Kg2 Qh3+ 65. Kg1 Qg3+ 66.
Kh1 Kg5 67. Qg8+ Kf4 68. Qf7+ Ke3 69. Qf2+ 1/2-1/2

[Event "Olomouc 2008 - GM"]
[Site "?"]
[Date "2008.08.05"]
[Round "7.4"]
[White "Vokac, Marek"]
[Black "Grandelius, Nils"]
[Result "0-1"]
[WhiteElo "2451"]
[BlackElo "2366"]
[PlyCount "116"]
[EventDate "2008.07.30"]

1. e4 c5 2. Nc3 a6 3. d3 b5 4. g3 Bb7 5. Bg2 d6 6. Nh3 g6 7. O-O Bg7 8. f4 Nc6
9. f5 Nf6 10. Nd5 Nxd5 11. exd5 Ne5 12. Ng5 Bf6 13. Ne4 Bg7 14. c4 gxf5 15.
Rxf5 Bc8 16. Rg5 Ng6 17. Rh5 Bd4+ 18. Kh1 Ne5 19. Qe2 Qc7 20. Rh4 Bf5 21. Be3
bxc4 22. dxc4 Rb8 23. Bxd4 cxd4 24. b3 Bg6 25. Rd1 d3 26. Qe3 h5 27. Nf2 a5 28.
Be4 a4 29. Bxg6 Nxg6 30. Re4 axb3 31. axb3 Rxb3 32. Rxd3 Rb1+ 33. Kg2 h4 34.
Ra3 hxg3 35. hxg3 Qc8 36. Ra7 Rb7 37. Qa3 Rxa7 38. Qxa7 Kf8 39. Qd4 Qf5 40. Re3
Ne5 41. Rb3 Kg7 42. Re3 Kf8 43. Rc3 Qh5 44. c5 dxc5 45. Qxc5 Qg6 46. Qd4 Rh5
47. Rc8+ Kg7 48. Rc3 Qf6 49. Ne4 Rh2+ 50. Kxh2 Ng4+ 51. Kh3 Qxd4 52. Kxg4 Qxe4+
53. Kh3 Qh1+ 54. Kg4 Qxd5 55. Kh3 Qh5+ 56. Kg2 Qe2+ 57. Kh3 Kg6 58. Ra3 e5 0-1

[Event "Olomouc 2008 - GM"]
[Site "?"]
[Date "2008.08.06"]
[Round "8.1"]
[White "Stefansson, Hannes"]
[Black "Kanovsky, David"]
[Result "1-0"]
[WhiteElo "2566"]
[BlackElo "2409"]
[PlyCount "75"]
[EventDate "2008.07.30"]

1. e4 c5 2. Nf3 d6 3. d4 cxd4 4. Nxd4 Nf6 5. Nc3 g6 6. Be3 Bg7 7. f3 a6 8. Bc4
Nbd7 9. Qd2 b5 10. Bb3 Bb7 11. O-O-O h5 12. Nd5 Nc5 13. Nxf6+ Bxf6 14. Bd5 Qc7
15. Bg5 Bxg5 16. Qxg5 Rc8 17. Rd2 e5 18. Bxb7 Nxb7 19. Ne2 b4 20. Kb1 a5 21.
Qf6 O-O 22. g4 hxg4 23. fxg4 Qd8 24. Qf3 Qh4 25. Ng3 Nc5 26. Rxd6 Ne6 27. Ne2
Rc4 28. Rf1 Qe7 29. Qd3 Rfc8 30. Rd7 Qc5 31. Rdxf7 Rxc2 32. Rd7 Qc4 33. Qxc4
R8xc4 34. b3 Rc8 35. Rc1 Rxc1+ 36. Nxc1 Nc5 37. Rd5 Nxe4 38. Ne2 1-0

[Event "Olomouc 2008 - GM"]
[Site "?"]
[Date "2008.08.06"]
[Round "8.2"]
[White "Grandelius, Nils"]
[Black "Smith, Axel"]
[Result "1-0"]
[WhiteElo "2366"]
[BlackElo "2427"]
[PlyCount "31"]
[EventDate "2008.07.30"]

1. Nf3 d6 2. c4 e5 3. Nc3 Bg4 4. Qb3 Nd7 5. Qxb7 Nc5 6. Qb4 a5 7. Qa3 e4 8. d4
exd3 9. Be3 dxe2 10. Bxe2 Nf6 11. O-O-O Nce4 12. Nxe4 Nxe4 13. Ne5 Bd7 14. Nxd7
Qxd7 15. Bf3 f5 16. Rd5 1-0

[Event "Olomouc 2008 - GM"]
[Site "?"]
[Date "2008.08.07"]
[Round "9.1"]
[White "Danielsen, Henrik"]
[Black "Stefansson, Hannes"]
[Result "1/2-1/2"]
[WhiteElo "2526"]
[BlackElo "2566"]
[PlyCount "86"]
[EventDate "2008.07.30"]

1. Nf3 Nf6 2. g3 d5 3. Bg2 c6 4. O-O Bg4 5. d4 Nbd7 6. Nbd2 e6 7. c4 Bd6 8. b3
O-O 9. Bb2 a5 10. a3 Qb8 11. Re1 b5 12. c5 Bc7 13. e4 dxe4 14. Nxe4 Nd5 15. Qc2
Bf5 16. Nh4 Bxe4 17. Rxe4 Qd8 18. Nf3 Qe7 19. Rae1 h6 20. R4e2 Rfd8 21. Nd2
N7f6 22. f4 Qf8 23. Nf3 Ne7 24. Ne5 Ned5 25. Bh3 g6 26. Nxf7 Kxf7 27. Rxe6 Qg7
28. Re7+ Nxe7 29. d5 Qh7 30. d6 Bxd6 31. cxd6 Rxd6 32. Qe2 Kf8 33. Be5 Rdd8 34.
Be6 Nf5 35. Qc2 Qa7+ 36. Kh1 c5 37. Bxf6 Re8 38. g4 Ng7 39. Qxg6 Nxe6 40. Qxh6+
Kg8 41. Qh8+ Kf7 42. Qh7+ Kf8 43. Qh6+ Kg8 1/2-1/2

[Event "Olomouc 2008 - GM"]
[Site "?"]
[Date "2008.08.07"]
[Round "9.2"]
[White "Baryshpolets, Andrey"]
[Black "Luch, Michal"]
[Result "0-1"]
[WhiteElo "2413"]
[BlackElo "2412"]
[PlyCount "82"]
[EventDate "2008.07.30"]

1. c4 e6 2. Nf3 Nf6 3. g3 d5 4. d4 dxc4 5. Bg2 Bb4+ 6. Bd2 a5 7. Qc2 Bxd2+ 8.
Nbxd2 b5 9. a4 c6 10. O-O O-O 11. e4 Ba6 12. Rfd1 Nbd7 13. h4 h6 14. Bf1 Qc7
15. e5 Nd5 16. Ne4 Rfb8 17. Nd6 N7b6 18. axb5 cxb5 19. Nd2 a4 20. N2e4 Nc8 21.
Bg2 Rb6 22. Ne8 Qd8 23. Nxg7 Kxg7 24. Nf6 Qh8 25. Bxd5 exd5 26. Qf5 Bb7 27. Ra3
Ne7 28. Qg4+ Ng6 29. f4 Bc8 30. f5 Qd8 31. h5 Rxf6 32. exf6+ Qxf6 33. Rf3 Qg5
34. Qxg5 hxg5 35. fxg6 fxg6 36. h6+ Kxh6 37. Rf8 g4 38. Kf2 b4 39. Rh1+ Kg5 40.
Ke2 c3 41. Kd1 cxb2 0-1

[Event "Olomouc 2008 - IM - D"]
[Site "?"]
[Date "2008.08.03"]
[Round "7.4"]
[White "Jurek, Josef"]
[Black "Klima, Lukas"]
[Result "1/2-1/2"]
[WhiteElo "2368"]
[BlackElo "2439"]
[PlyCount "21"]
[EventDate "2008.07.30"]

1. d4 Nf6 2. c4 g6 3. Nc3 Bg7 4. e4 d6 5. h3 O-O 6. Bg5 h6 7. Be3 e5 8. d5 a5
9. Bd3 Na6 10. Nge2 Ne8 11. Qd2 1/2-1/2

[Event "Olomouc 2008 - seniors"]
[Site "?"]
[Date "2008.??.??"]
[Round "1.1"]
[White "BEDNAR, VACLAV."]
[Black "GOLCMAN, EVGENY."]
[Result "0-1"]
[WhiteElo "1798"]
[BlackElo "2255"]
[PlyCount "32"]
[EventDate "2008.07.31"]

1. e4 e5 2. Nf3 Nc6 3. Bc4 Be7 4. O-O Nf6 5. Re1 Nxe4 6. Bxf7+ Kxf7 7. Rxe4 Bf6
8. Re1 d5 9. d3 Rf8 10. c3 Bf5 11. Be3 Kg8 12. Bc5 Rf7 13. Qe2 Bxd3 14. Qxd3 e4
15. Qd1 exf3 16. Qxf3 Bd4 0-1

[Event "Olomouc 2008 - seniors"]
[Site "?"]
[Date "2008.??.??"]
[Round "1.9"]
[White "HYL, MIROSLAV."]
[Black "POSPISIL, LUDVIK."]
[Result "0-1"]
[WhiteElo "1520"]
[BlackElo "1910"]
[PlyCount "56"]
[EventDate "2008.07.31"]

1. d4 d5 2. c4 e6 3. Nc3 Nf6 4. Bg5 Nbd7 5. e3 c6 6. Nf3 Qa5 7. Bd3 Ne4 8. Bxe4
dxe4 9. Nd2 Qxg5 10. O-O f5 11. a3 Bd6 12. g3 O-O 13. Qe2 Nf6 14. f4 Qh6 15. b4
Bd7 16. c5 Bc7 17. Nd1 Be8 18. Nf2 Bh5 19. Qc4 Nd5 20. Qb3 g5 21. Rfe1 gxf4 22.
exf4 e3 23. Rxe3 Nxe3 24. Qxe3 Rad8 25. Re1 Rfe8 26. Nh3 e5 27. dxe5 Bxe5 28.
fxe5 Qxe3+ 0-1